[Event "World Blitz 2025"]
[Site "Doha QAT"]
[Date "2025.12.29"]
[Round "1.97"]
[White "Tissir, Mohamed"]
[Black "Yakubboev, Nodirbek"]
[Result "0-1"]
[WhiteTitle "IM"]
[BlackTitle "GM"]
[WhiteElo "2293"]
[BlackElo "2691"]
[WhiteFideId "9000240"]
[BlackFideId "14203987"]
[EventDate "2025.12.29"]

1. e4 c5 2. Nc3 Nc6 3. Bb5 Nd4 4. Bc4 e6 5. Nge2 Nf6 6. O-O Qc7 7. d3 a6 8. a4
b6 9. Ba2 Bb7 10. Nxd4 cxd4 11. Ne2 Bc5 12. Bf4 d6 13. Qd2 b5 14. axb5 axb5 15.
Bb3 O-O 16. h3 Nd7 17. Bg3 Kh8 18. Rxa8 Rxa8 19. Qg5 Ne5 20. f4 Nc4 21. f5 f6
22. Qh5 e5 23. Nf4 exf4 24. Rxf4 Qe7 25. dxc4 d3+ 26. Kh2 dxc2 27. cxb5 g5 28.
fxg6 c1=Q 0-1

[Event "World Blitz 2025"]
[Site "Doha QAT"]
[Date "2025.12.29"]
[Round "1.98"]
[White "Adhiban, Baskaran"]
[Black "Meng, Yihan"]
[Result "1-0"]
[WhiteTitle "GM"]
[BlackTitle "IM"]
[WhiteElo "2557"]
[BlackElo "2456"]
[WhiteFideId "5018471"]
[BlackFideId "8631891"]
[EventDate "2025.12.29"]

1. d4 d5 2. Nf3 Nf6 3. c4 dxc4 4. g3 c5 5. Bg2 cxd4 6. Qxd4 Qxd4 7. Nxd4 a6 8.
Nd2 e5 9. N4f3 e4 10. Ng5 Bb4 11. O-O Bxd2 12. Bxd2 Bf5 13. f3 h6 14. Nxf7 Kxf7
15. fxe4 Be6 16. e5 Nd7 17. exf6 Nxf6 18. Bc3 Kg6 19. Bxb7 Rab8 20. Bg2 Rhe8 21.
Rad1 Bf5 22. Rd6 Rxe2 23. Rxa6 Re6 24. Rxe6 Bxe6 25. a4 Bf5 26. a5 Ne4 27. g4 1-0

[Event "World Blitz 2025"]
[Site "Doha QAT"]
[Date "2025.12.29"]
[Round "1.99"]
[White "Musovic, Armin"]
[Black "Sanal, Vahap"]
[Result "0-1"]
[WhiteTitle "FM"]
[BlackTitle "GM"]
[WhiteElo "2190"]
[BlackElo "2546"]
[WhiteFideId "939935"]
[BlackFideId "6300545"]
[EventDate "2025.12.29"]

1. a3 e5 2. d4 exd4 3. Qxd4 Nc6 4. Qa4 d5 5. Nc3 Bc5 6. Bf4 Nf6 7. O-O-O O-O 8.
Bg5 Be6 9. Qh4 Be7 10. e4 d4 11. Nf3 h6 12. Bxf6 Bxf6 13. Qg3 a6 14. e5 Bg5+ 15.
Kb1 Bf5 16. Bd3 dxc3 17. Bxf5 Qe7 18. h4 Bd2 19. Nxd2 cxd2 20. f4 Rfd8 21. Qe3
Rd4 22. Bd3 Rad8 23. Rxd2 b5 24. Rhd1 Kf8 25. g3 Na5 26. Bf1 Rxd2 27. Rxd2 Nc6
28. Bd3 Nd4 29. Be4 c5 30. c3 Nb3 31. Rxd8+ Qxd8 32. Bc2 c4 33. f5 Qd5 34. Qe1
Nd2+ 35. Ka2 Nf3 36. Qe3 Nxe5 37. f6 gxf6 38. Qxh6+ Ke7 39. Qe3 Kf8 40. Qh6+ Ke7
41. Qe3 Kf8 42. h5 Nd3 43. h6 Kg8 44. Qd4 Qg5 45. Bxd3 cxd3 46. Qxd3 Qxh6 47. a4
Qg5 48. a5 Kg7 49. Qd6 Qg4 50. b3 Qe2+ 51. Ka3 Qe1 52. Qxa6 Qxc3 53. Qb6 Qxg3
54. Qxb5 Qd6+ 55. Qb4 Qe5 56. a6 Qa1# 0-1

[Event "World Blitz 2025"]
[Site "Doha QAT"]
[Date "2025.12.29"]
[Round "1.100"]
[White "Haug, Havard"]
[Black "Abdilkhair, Abilmansur"]
[Result "1-0"]
[WhiteTitle "FM"]
[BlackTitle "IM"]
[WhiteElo "2416"]
[BlackElo "2378"]
[WhiteFideId "1547887"]
[BlackFideId "13716417"]
[EventDate "2025.12.29"]

1. d4 d5 2. Nf3 Nf6 3. c3 c5 4. Bf4 g6 5. e3 Bg7 6. h3 O-O 7. Nbd2 b6 8. Bd3 Ba6
9. Bxa6 Nxa6 10. O-O Nb8 11. Bxb8 Qxb8 12. a4 Rc8 13. Qe2 Ne8 14. g3 Nd6 15. Kg2
Qb7 16. h4 Ne4 17. h5 Nxd2 18. Qxd2 Re8 19. hxg6 hxg6 20. a5 e5 21. dxe5 Bxe5
22. axb6 axb6 23. Rxa8 Qxa8 24. Rd1 d4 25. exd4 cxd4 26. cxd4 Rd8 27. Qb4 Qc6
28. d5 Rxd5 29. Qe4 Rxd1 30. Qxc6 Bxb2 31. Qxb6 Bc1 32. Qb1 Kg7 33. Qc2 1-0

[Event "World Blitz 2025"]
[Site "Doha QAT"]
[Date "2025.12.29"]
[Round "1.101"]
[White "Muntean, Victor"]
[Black "Anton Guijarro, David"]
[Result "0-1"]
[BlackTitle "GM"]
[WhiteElo "2169"]
[BlackElo "2646"]
[WhiteFideId "1054414"]
[BlackFideId "2285525"]
[EventDate "2025.12.29"]

1. e4 c6 2. d4 d5 3. exd5 cxd5 4. Nf3 Nc6 5. Ne5 a6 6. c3 Nxe5 7. dxe5 Bf5 8.
Nd2 e6 9. Nf3 Ne7 10. g4 Be4 11. Bd3 Nc6 12. Bf4 h5 13. gxh5 Rxh5 14. Bxe4 dxe4
15. Nd4 Nxd4 16. cxd4 Rh3 17. O-O Rd3 18. Qg4 Qxd4 19. Rac1 Qd7 20. Be3 Rd5 21.
Qxe4 g6 22. Rc2 Bg7 23. Bf4 Rc8 24. Rxc8+ Qxc8 25. Rc1 Qd7 26. Kg2 Rd4 27. Qe3
Qd5+ 28. Kg1 Rd1+ 29. Rxd1 Qxd1+ 30. Kg2 Qd5+ 31. Qf3 Kd7 32. Qxd5+ exd5 33. Bg3
Ke6 34. f4 Kf5 35. Kf3 d4 36. Bf2 Bh6 37. Bxd4 Bxf4 38. Bg1 Bxe5 39. b3 Ke6 40.
Ke4 f5+ 41. Kf3 Kd5 42. h3 b5 43. Bb6 Bd6 44. Bd8 Kd4 45. Ke2 Ke4 46. a4 b4 47.
Bf6 Be5 48. Bg5 Bc3 49. Bh6 Bf6 50. Be3 Be7 51. Bb6 g5 52. Bc7 g4 53. hxg4 fxg4
54. Bb8 0-1

[Event "World Blitz 2025"]
[Site "Doha QAT"]
[Date "2025.12.29"]
[Round "1.102"]
[White "Vakhidov, Jakhongir"]
[Black "Sharan, Rao"]
[Result "1/2-1/2"]
[WhiteTitle "GM"]
[BlackTitle "IM"]
[WhiteElo "2516"]
[BlackElo "2341"]
[WhiteFideId "14201801"]
[BlackFideId "5073464"]
[EventDate "2025.12.29"]

1. c4 e6 2. Nc3 d5 3. d4 h6 4. Nf3 Nf6 5. g3 c6 6. Bg2 Nbd7 7. O-O Be7 8. Nd2 b6
9. e4 dxe4 10. Ndxe4 Bb7 11. Bf4 Nxe4 12. Nxe4 Nf6 13. Nc3 O-O 14. Qd2 Qd7 15.
Rad1 Rfd8 16. Qc2 Rac8 17. Rfe1 Ba6 18. b3 Bb4 19. h3 Qe7 20. Re2 Qf8 21. Kh2 c5
22. Be5 Nd7 23. Bf4 cxd4 24. Rxd4 b5 25. Red2 Bxc3 26. Qxc3 Nb6 27. Rxd8 Rxd8
28. Rxd8 Qxd8 29. c5 Nd5 30. Bxd5 Qxd5 31. c6 b4 32. Qc1 Kh7 33. Be3 Bb5 34.
Qc2+ f5 35. Qc5 Bxc6 36. Qxd5 Bxd5 37. Bxa7 Be4 38. Bc5 Bb1 39. a3 bxa3 40. Bxa3
Bd3 41. Bb2 g5 42. f4 Kg6 43. Kg1 Kf7 44. Kf2 Ke7 45. Bg7 gxf4 46. gxf4 h5 47.
Ke3 Bf1 48. h4 Kd6 49. Kd4 Bg2 50. Bf8+ Kc6 51. Ke5 Bd5 52. b4 Kb5 53. Kf6 Bc4
54. Kg6 Be2 1/2-1/2

[Event "World Blitz 2025"]
[Site "Doha QAT"]
[Date "2025.12.29"]
[Round "1.103"]
[White "Assylov, Miras"]
[Black "Pranesh, M"]
[Result "0-1"]
[WhiteTitle "FM"]
[BlackTitle "GM"]
[WhiteElo "2393"]
[BlackElo "2627"]
[WhiteFideId "13728873"]
[BlackFideId "35028600"]
[EventDate "2025.12.29"]

1. Nf3 d5 2. b3 Bf5 3. Bb2 e6 4. g3 h6 5. Bg2 Nf6 6. O-O Nbd7 7. d3 Bh7 8. Nbd2
c6 9. Qe1 a5 10. a4 Bb4 11. Ne5 O-O 12. Nxd7 Nxd7 13. e4 dxe4 14. dxe4 Qg5 15.
Rd1 Rfd8 16. Qe2 Qe7 17. Nc4 b5 18. axb5 cxb5 19. Ne3 Rab8 20. Qg4 Nf6 21. Qh4
Bg6 22. Be5 Rbc8 23. Bxf6 Qxf6 24. Qxf6 gxf6 25. c4 bxc4 26. Rxd8+ Rxd8 27. Nxc4
f5 28. Ne5 Bh7 29. Nc6 Rd3 30. Nxb4 axb4 31. exf5 Bxf5 32. Rb1 Rc3 33. Ra1 Rxb3
34. h4 Rb1+ 35. Rxb1 Bxb1 36. Bf1 b3 37. Bc4 b2 0-1

[Event "World Blitz 2025"]
[Site "Doha QAT"]
[Date "2025.12.29"]
[Round "1.104"]
[White "Warmerdam, Max"]
[Black "Al Hosani, Omran"]
[Result "1-0"]
[WhiteTitle "GM"]
[BlackTitle "IM"]
[WhiteElo "2573"]
[BlackElo "2340"]
[WhiteFideId "1048104"]
[BlackFideId "9308733"]
[EventDate "2025.12.29"]

1. c4 e6 2. g3 d5 3. Bg2 Nf6 4. Nf3 Be7 5. O-O dxc4 6. Qa4+ Bd7 7. Qxc4 Bc6 8.
d3 O-O 9. Qc2 a5 10. e4 Na6 11. Ne5 Nb4 12. Qe2 Bb5 13. Rd1 Nd7 14. Nc4 Nc5 15.
d4 Ncd3 16. Nba3 Bxc4 17. Nxc4 Qxd4 18. a3 Qxc4 19. axb4 Ne5 20. Qxc4 Nxc4 21.
b3 Bf6 22. Ra2 Nd6 23. bxa5 Nb5 24. Bd2 c5 25. e5 Bxe5 26. Bxb7 Rad8 27. Rc1 Bd4
28. a6 Na7 29. Be3 e5 30. Rxc5 Bxc5 31. Bxc5 Nb5 32. a7 Nxa7 1-0

[Event "World Blitz 2025"]
[Site "Doha QAT"]
[Date "2025.12.29"]
[Round "1.105"]
[White "Ammar, Sedrani"]
[Black "Chigaev, Maksim"]
[Result "0-1"]
[WhiteTitle "FM"]
[BlackTitle "GM"]
[WhiteElo "2203"]
[BlackElo "2626"]
[WhiteFideId "9312331"]
[BlackFideId "4108116"]
[EventDate "2025.12.29"]

1. d4 Nf6 2. Bg5 g6 3. Bxf6 exf6 4. e3 d5 5. c4 dxc4 6. Bxc4 Bd6 7. Nc3 Nd7 8.
h4 h5 9. Bd5 c6 10. Bf3 f5 11. Nge2 Nf6 12. a3 a5 13. g3 Qe7 14. Qd3 Kf8 15. Kf1
Kg7 16. Kg2 Be6 17. Nf4 Bxf4 18. exf4 Rhd8 19. Rhe1 Qc7 20. Rad1 Rd7 21. Rd2
Rad8 22. Red1 Bd5 23. Nxd5 cxd5 24. Rc2 Qb6 25. Rc5 Ne4 26. Rb5 Qa6 27. Qb3 a4
28. Qb4 Rc8 29. Bxe4 fxe4 30. Rc5 Rc6 31. Rd2 Rb6 32. Qc3 Rb3 33. Qc2 e3 34.
fxe3 Rxe3 35. Rc3 Rde7 36. Rxe3 Rxe3 37. Kf2 Re4 38. Rd3 Qe6 39. Qd2 Qh3 40. Re3
Qh2+ 41. Ke1 Qxg3+ 0-1

[Event "World Blitz 2025"]
[Site "Doha QAT"]
[Date "2025.12.29"]
[Round "1.106"]
[White "Ponkratov, Pavel"]
[Black "Nainys, Zanas"]
[Result "1-0"]
[WhiteTitle "GM"]
[WhiteElo "2587"]
[BlackElo "2307"]
[WhiteFideId "4157800"]
[BlackFideId "12844098"]
[EventDate "2025.12.29"]

1. Nf3 d5 2. g3 b6 3. Bg2 Bb7 4. O-O Nd7 5. b3 e5 6. Bb2 Bd6 7. d3 Ngf6 8. Nh4
O-O 9. Nf5 Bc5 10. c4 Re8 11. Nc3 c6 12. cxd5 cxd5 13. d4 exd4 14. Nxd4 Ne4 15.
Rc1 Rc8 16. e3 Ne5 17. Nf5 Qf6 18. Nh4 Rcd8 19. Na4 Bd6 20. Nf3 Nxf3+ 21. Bxf3
Qh6 22. Bg2 Qg5 23. Bd4 Qf5 24. Nc3 Ba6 25. Ne2 Ng5 26. f4 Nh3+ 27. Kh1 Qh5 28.
Bf3 Qh6 29. Kg2 g5 30. Re1 f5 31. Nc3 Bb4 32. Be5 g4 33. Bxd5+ Kf8 34. e4 Nf2
35. Qd4 Qh3+ 36. Kg1 Re7 37. Qxb4 Nxe4 38. Nxe4 Rxd5 39. Bf6 1-0

[Event "World Blitz 2025"]
[Site "Doha QAT"]
[Date "2025.12.29"]
[Round "1.107"]
[White "Al Mashikhi, Salim Aliyan"]
[Black "Salinas Herrera, Pablo"]
[Result "0-1"]
[WhiteTitle "FM"]
[BlackTitle "GM"]
[WhiteElo "1952"]
[BlackElo "2473"]
[WhiteFideId "22000046"]
[BlackFideId "3407128"]
[EventDate "2025.12.29"]

1. Nf3 d5 2. d4 Nf6 3. e3 Bg4 4. c4 c6 5. Nc3 e6 6. Bd2 Nbd7 7. Be2 Bd6 8. h3
Bh5 9. c5 Bc7 10. Qb3 Rb8 11. a4 O-O 12. O-O Re8 13. Nh2 Bxe2 14. Nxe2 e5 15.
Qc2 exd4 16. Nxd4 a5 17. b4 axb4 18. Bxb4 Ne5 19. Nhf3 Nxf3+ 20. Nxf3 Ne4 21.
Nd2 Qh4 22. Nxe4 Rxe4 23. Be1 Qe7 24. Rb1 Rc4 25. Qa2 Qxc5 26. a5 h6 27. a6 b5
28. Ba5 Be5 29. Qb3 Ra8 30. Bb4 Qb6 31. f4 Bf6 32. Qd3 Qxa6 33. Qf5 Qc8 34. Qh5
Qe6 35. Qf3 Qe4 36. Bd2 Ra2 37. Rbd1 Rcc2 38. Qxe4 dxe4 39. Rf2 b4 40. Be1 Rxf2
41. Bxf2 Ra1 42. Rxa1 Bxa1 0-1

[Event "World Blitz 2025"]
[Site "Doha QAT"]
[Date "2025.12.29"]
[Round "1.108"]
[White "Bai, Jinshi"]
[Black "Fandi, Mazen"]
[Result "1-0"]
[WhiteTitle "GM"]
[BlackTitle "FM"]
[WhiteElo "2599"]
[BlackElo "2304"]
[WhiteFideId "8602280"]
[BlackFideId "7611625"]
[EventDate "2025.12.29"]

1. Nf3 Nf6 2. g3 d5 3. Bg2 c6 4. O-O Bf5 5. d3 e6 6. Nh4 Bg6 7. f4 Nbd7 8. e3
Be7 9. Nc3 O-O 10. Nxg6 hxg6 11. Qe2 e5 12. f5 gxf5 13. Rxf5 g6 14. Rf1 Kg7 15.
e4 dxe4 16. Nxe4 Nd5 17. h4 Qb6+ 18. Kh1 Rae8 19. c4 N5f6 20. Be3 Qc7 21. Ng5
Bc5 22. Bd2 Bd4 23. Rae1 e4 24. Bf4 Qb6 25. dxe4 Be5 26. b3 Re7 27. Qf3 Rfe8 28.
Rd1 c5 29. Kh2 Rh8 30. Bh3 Bxf4 31. Qxf4 Ne5 32. Rd2 Rf8 33. Kg2 Nh5 34. Qe3 Nf6
35. Qc3 Rfe8 36. Rdf2 Nh5 37. Rxf7+ Kg8 38. Rxe7 Rxe7 39. Qd2 Kg7 40. Rf2 Nf6
41. Rf4 Qc6 42. Kh2 Qb6 43. Qc3 Qd6 44. Kg2 Nc6 45. Rf2 Nd4 46. Qe3 Qe5 47. Qf4
Nxe4 48. Qf8# 1-0

[Event "World Blitz 2025"]
[Site "Doha QAT"]
[Date "2025.12.29"]
[Round "1.77"]
[White "Kuandykuly, Danis"]
[Black "Puranik, Abhimanyu"]
[Result "0-1"]
[WhiteTitle "FM"]
[BlackTitle "GM"]
[WhiteElo "2372"]
[BlackElo "2622"]
[WhiteFideId "13752260"]
[BlackFideId "5061245"]
[EventDate "2025.12.29"]

1. e4 c5 2. Nf3 Nc6 3. Bb5 g6 4. O-O Bg7 5. Re1 Nf6 6. Bxc6 dxc6 7. d3 Qc7 8. e5
Nd5 9. c4 Nb4 10. a3 Na6 11. Bf4 Bf5 12. Nc3 O-O 13. Qe2 Qd7 14. Ne4 b6 15. Rad1
Nc7 16. d4 Ne6 17. Qe3 Rad8 18. d5 Nxf4 19. Qxf4 cxd5 20. cxd5 Qb7 21. Nc3 Bc2
22. Rd2 Bb3 23. Qh4 h6 24. h3 Rd7 25. d6 exd6 26. Rxd6 Re7 27. Qf4 Rfe8 28. Re3
Be6 29. Ne4 Kh8 30. Nf6 Rf8 31. Ng5 Bf5 32. Rg3 Qc7 33. h4 Bxf6 34. Rxf6 Kg7 35.
Rxf5 hxg5 36. Qxg5 Re6 37. h5 Qd7 38. hxg6 Qd1+ 39. Kh2 Rh8+ 40. Rh3 Rxh3+ 41.
gxh3 Rxg6 42. Rxf7+ Kxf7 43. Qf5+ Kg7 44. h4 Qg1+ 0-1

[Event "World Blitz 2025"]
[Site "Doha QAT"]
[Date "2025.12.29"]
[Round "1.78"]
[White "Kadric, Denis"]
[Black "Berend, Fred"]
[Result "1/2-1/2"]
[WhiteTitle "GM"]
[BlackTitle "IM"]
[WhiteElo "2543"]
[BlackElo "2213"]
[WhiteFideId "14403803"]
[BlackFideId "4000102"]
[EventDate "2025.12.29"]

1. e4 e6 2. d3 d5 3. Nd2 Nf6 4. e5 Nfd7 5. f4 c5 6. Ndf3 Nc6 7. g3 f6 8. exf6
Qxf6 9. Bg2 Bd6 10. Nh3 O-O 11. O-O Nb6 12. a4 a5 13. c3 Bd7 14. d4 Rac8 15. Ne5
Be8 16. Be3 cxd4 17. cxd4 Nb4 18. Rf2 Nc4 19. Bc1 Qd8 20. b3 Nxe5 21. fxe5 Rxf2
22. Nxf2 Be7 23. Bh3 Qb6 24. Qg4 Bf7 25. Ba3 Bf8 26. Bxb4 Qxb4 27. Nd3 Qc3 28.
Rd1 Qxb3 29. Nf4 Qe3+ 30. Kh1 Rc1 31. Rxc1 Qxc1+ 32. Kg2 Qb2+ 33. Ne2 h6 34. Qf3
Bb4 35. Kf1 Qb1+ 36. Kf2 Qa2 37. Kf1 Qxa4 38. Nf4 Qb5+ 39. Kg2 Qb6 40. Qg4 Bf8
41. Nxe6 Qb2+ 42. Kg1 Qc1+ 43. Kg2 Qd2+ 44. Kg1 Qe1+ 45. Kg2 Qd2+ 46. Kg1 Qe1+
47. Kg2 Qd2+ 48. Kg1 Qe1+ 1/2-1/2

[Event "World Blitz 2025"]
[Site "Doha QAT"]
[Date "2025.12.29"]
[Round "1.79"]
[White "Anwoir, Tarik"]
[Black "Zhang, Zhong"]
[Result "1/2-1/2"]
[BlackTitle "GM"]
[WhiteElo "2098"]
[BlackElo "2561"]
[WhiteFideId "9004904"]
[BlackFideId "8600694"]
[EventDate "2025.12.29"]

1. e4 c5 2. Nf3 e6 3. g3 Nc6 4. Bg2 d6 5. O-O Nf6 6. Re1 Be7 7. e5 dxe5 8. Nxe5
Nxe5 9. Rxe5 Qc7 10. Re1 Bd7 11. d3 Bc6 12. Nc3 O-O 13. Bf4 Qd7 14. Bg5 b6 15.
Qe2 Rfe8 16. Rad1 Rad8 17. b3 h6 18. Bxf6 Bxf6 19. Bxc6 Qxc6 20. Ne4 Be7 21. Qf3
Qd7 22. a4 Qd5 23. Nd2 Bf6 24. Qxd5 exd5 25. Nf3 Bc3 26. Rxe8+ Rxe8 27. Kf1 Rc8
28. Ng1 g5 29. Ne2 Bg7 30. c4 Rd8 31. Ke1 f5 32. Ng1 Bc3+ 33. Ke2 Kf7 34. h3 Kf6
35. Nf3 g4 36. hxg4 fxg4 37. Nh2 Kf5 38. Rc1 Be5 39. Nf1 dxc4 40. Ne3+ Kg5 41.
dxc4 Bd4 42. Rd1 Re8 43. Rd3 h5 44. Kd2 Rf8 45. Ke2 Re8 46. Kd2 h4 47. gxh4+ Kf4
48. Nd5+ Kf5 49. Ne3+ Kf4 50. Ng2+ Kf5 51. Ne3+ Kf4 52. Nd5+ Ke4 53. Rg3 Kf5 54.
Ne3+ Bxe3+ 55. Rxe3 Rh8 56. Re7 Rxh4 57. Rxa7 Rh3 58. Kc2 Ke4 59. Rg7 Kf3 60.
Rf7+ Kg2 61. Rf4 Rh4 62. Kb2 Kh3 63. Ka3 Rh8 64. Rf6 Rb8 65. Kb2 Kg2 66. Rf4 Rg8
67. Kc3 Kf1 68. b4 Ke2 69. bxc5 bxc5 70. a5 Ra8 71. Rxg4 Kxf2 72. Re4 Rxa5 73.
Kb3 Kf3 74. Re5 Kf4 75. Re8 Kf5 76. Re7 Kf4 77. Re8 Kf5 1/2-1/2

[Event "World Blitz 2025"]
[Site "Doha QAT"]
[Date "2025.12.29"]
[Round "1.80"]
[White "Peyrer, Konstantin"]
[Black "Sindarov, Islombek"]
[Result "1-0"]
[WhiteTitle "IM"]
[BlackTitle "CM"]
[WhiteElo "2496"]
[BlackElo "2129"]
[WhiteFideId "1640879"]
[BlackFideId "14205475"]
[EventDate "2025.12.29"]

1. e4 c5 2. Nf3 Nc6 3. Bb5 d6 4. O-O Nf6 5. Re1 Bd7 6. c3 a6 7. Bf1 g6 8. d4
cxd4 9. cxd4 Bg7 10. Nc3 O-O 11. e5 dxe5 12. dxe5 Ne8 13. Qb3 Bg4 14. Qxb7 Bxf3
15. gxf3 Nxe5 16. f4 Nd6 17. Qg2 Nec4 18. f5 Rb8 19. Nd5 Nxb2 20. Bf4 Nxf5 21.
Bxb8 Qxb8 22. Nxe7+ Nxe7 23. Rxe7 Nd3 24. Rd1 Nb4 25. Bc4 Qf4 26. Qe4 Qg5+ 27.
Kh1 h5 28. Rg1 Qf6 29. Qxg6 Qxg6 30. Rxg6 Kh7 31. Rb6 a5 32. a3 Rc8 33. Bxf7 Nc6
34. Bg6+ Kh6 35. Be4 Bf6 36. Re6 Nd4 37. Rxf6+ Kg5 38. Rfd6 Ne2 39. Rd1 h4 40.
Bf3 Nf4 41. Rb5+ Kf6 42. Be4 Rg8 43. Rf5+ 1-0

[Event "World Blitz 2025"]
[Site "Doha QAT"]
[Date "2025.12.29"]
[Round "1.81"]
[White "Alrehaili, Ahmed Abdullah S"]
[Black "Makhnev, Denis"]
[Result "0-1"]
[WhiteTitle "FM"]
[BlackTitle "GM"]
[WhiteElo "2106"]
[BlackElo "2532"]
[WhiteFideId "21518840"]
[BlackFideId "13707647"]
[EventDate "2025.12.29"]

1. e4 e5 2. Nf3 Nc6 3. Bc4 Bc5 4. O-O Nf6 5. d3 a6 6. c3 d6 7. a4 Ba7 8. Nbd2 h6
9. Re1 g5 10. Nf1 g4 11. N3d2 h5 12. Nb3 h4 13. Be3 Bd7 14. d4 g3 15. fxg3 Ng4
16. Qf3 Qe7 17. gxh4 Rxh4 18. h3 Nxe3 19. Nxe3 O-O-O 20. Rad1 Qg5 21. Kh2 Rdh8
22. Nf5 Rf4 23. Qg3 Rg4 24. Qf2 exd4 25. Nbxd4 Ne5 26. Be2 Rxe4 27. Bf1 Ng4+ 28.
Kg1 0-1

[Event "World Blitz 2025"]
[Site "Doha QAT"]
[Date "2025.12.29"]
[Round "1.82"]
[White "Akobian, Varuzhan"]
[Black "George Samir, David"]
[Result "1-0"]
[WhiteTitle "GM"]
[BlackTitle "IM"]
[WhiteElo "2549"]
[BlackElo "2343"]
[WhiteFideId "13300580"]
[BlackFideId "10657789"]
[EventDate "2025.12.29"]

1. d4 Nf6 2. Nf3 e6 3. c4 c5 4. d5 b5 5. Bg5 exd5 6. cxd5 h6 7. Bxf6 Qxf6 8. Qc2
d6 9. e4 a6 10. a4 b4 11. Nbd2 Nd7 12. Nc4 g6 13. a5 Bg7 14. Bd3 O-O 15. O-O Rb8
16. Rfe1 Re8 17. h3 h5 18. Qd2 Nf8 19. e5 dxe5 20. Nfxe5 Bb7 21. d6 Rbd8 22.
Rad1 Ne6 23. Be4 Bxe4 24. Rxe4 Nd4 25. Rde1 Rf8 26. d7 Qe6 27. Nb6 f5 28. Rxd4
cxd4 29. Qxd4 Kh7 30. f4 Qb3 31. Kh2 Rf6 32. Re3 Qc2 33. Rd3 h4 34. Rd2 Qc7 35.
Nf3 Rf7 36. Ng5+ Kg8 37. Qe3 Re7 38. Qf3 Qc5 39. Qb3+ Kh8 40. Nf7+ Rxf7 41. Qxf7
Qe3 42. Nd5 Qxd2 43. Qe8+ Kh7 44. Qxd8 Qxd5 45. Qxh4+ Bh6 46. d8=Q Qxd8 47. Qxd8
Bxf4+ 48. g3 Be5 49. Qe7+ 1-0

[Event "World Blitz 2025"]
[Site "Doha QAT"]
[Date "2025.12.29"]
[Round "1.83"]
[White "Ashwath Kaushik"]
[Black "Henriquez Villagra, Cristobal"]
[Result "0-1"]
[WhiteTitle "FM"]
[BlackTitle "GM"]
[WhiteElo "2345"]
[BlackElo "2598"]
[WhiteFideId "33387230"]
[BlackFideId "3409350"]
[EventDate "2025.12.29"]

1. e4 c6 2. Nc3 d5 3. Nf3 Bg4 4. h3 Bxf3 5. Qxf3 e6 6. Be2 Bc5 7. d3 Ne7 8. Bf4
Nd7 9. O-O Ng6 10. Bg3 O-O 11. Rad1 Bd4 12. Rb1 f5 13. exd5 exd5 14. Bf4 Qh4 15.
Bg3 Qf6 16. Bf4 Rae8 17. Rfe1 Bxc3 18. bxc3 Qxc3 19. Kf1 b5 20. a4 a6 21. axb5
axb5 22. Bd6 Nde5 23. Qg3 f4 24. Qh2 Rf6 25. Bb4 Qxc2 26. Rbc1 Qb2 27. Bc3 Qa3
28. Bh5 Rfe6 29. Bxg6 Nxg6 30. Rxe6 Rxe6 31. Kg1 Qxc1+ 0-1

[Event "World Blitz 2025"]
[Site "Doha QAT"]
[Date "2025.12.29"]
[Round "1.84"]
[White "Nesterov, Arseniy"]
[Black "Phuyal, Aashish"]
[Result "1-0"]
[WhiteTitle "GM"]
[WhiteElo "2595"]
[BlackElo "1955"]
[WhiteFideId "24198455"]
[BlackFideId "12312649"]
[EventDate "2025.12.29"]

1. d4 Nf6 2. c4 e6 3. Nf3 d5 4. Nc3 Bb4 5. Bg5 h6 6. Bxf6 Qxf6 7. e3 O-O 8. Rc1
dxc4 9. Bxc4 c5 10. O-O cxd4 11. Ne4 Qe7 12. a3 Ba5 13. exd4 Nd7 14. Ba2 Nf6 15.
Qd3 Bb6 16. Bb1 Nxe4 17. Qxe4 g6 18. h4 h5 19. Ne5 Kg7 20. Nxg6 fxg6 21. Qxg6+
Kh8 22. Qxh5+ Kg7 23. Qh7+ Kf6 24. Qg6# 1-0

[Event "World Blitz 2025"]
[Site "Doha QAT"]
[Date "2025.12.29"]
[Round "1.109"]
[White "Alhassadi, Yousef A."]
[Black "Nogerbek, Kazybek"]
[Result "0-1"]
[WhiteTitle "FM"]
[BlackTitle "GM"]
[WhiteElo "2098"]
[BlackElo "2539"]
[WhiteFideId "9204725"]
[BlackFideId "13710427"]
[EventDate "2025.12.29"]

1. e4 Nc6 2. Nf3 d6 3. d4 Nf6 4. Nc3 g6 5. Be2 Bg7 6. O-O O-O 7. h3 a6 8. d5 Nb8
9. Be3 e6 10. dxe6 Bxe6 11. Nd4 Bd7 12. Qd2 Nc6 13. f4 Re8 14. Bf3 Nxd4 15. Bxd4
Bc6 16. Rae1 Nd7 17. Bxg7 Kxg7 18. Nd5 Bxd5 19. Qxd5 Rb8 20. c3 Qe7 21. Qd4+ Kg8
22. Kh2 Rbd8 23. g3 Qf6 24. Qxf6 Nxf6 25. Rf2 c6 26. Rfe2 Kf8 27. Kg2 h6 28. Kf2
a5 29. a4 Nd7 30. Rd2 Nc5 31. Rd4 g5 32. Red1 Ke7 33. h4 gxf4 34. gxf4 Ne6 35.
R4d2 Nxf4 36. Ke3 Ng6 37. b4 axb4 38. cxb4 Nxh4 39. Rh1 Ng6 40. Rxh6 Ne5 41. Be2
Rg8 42. Kd4 Rg2 43. Kc3 Rg3+ 44. Kb2 Re3 45. Rh4 Rg8 46. Bd1 Nc4+ 0-1

[Event "World Blitz 2025"]
[Site "Doha QAT"]
[Date "2025.12.29"]
[Round "1.110"]
[White "Paravyan, David"]
[Black "Chekh Adm Khedr, Aram"]
[Result "1-0"]
[WhiteTitle "GM"]
[BlackTitle "FM"]
[WhiteElo "2582"]
[BlackElo "2139"]
[WhiteFideId "4194985"]
[BlackFideId "7601948"]
[EventDate "2025.12.29"]

1. e4 c5 2. Nf3 d6 3. d4 cxd4 4. Nxd4 Nf6 5. Nc3 Nc6 6. Bc4 e6 7. Be3 a6 8. Qe2
Qc7 9. O-O-O Be7 10. f4 Bd7 11. Kb1 b5 12. Bb3 b4 13. Na4 Nxe4 14. Nb6 Qxb6 15.
Nxe6 Qb7 16. Nxg7+ Kd8 17. Bd5 Nf6 18. Bxf7 Bg4 19. Qc4 Bxd1 20. Rxd1 Kc8 21.
Nf5 Bf8 22. Rxd6 Kc7 23. Rxf6 Qb5 24. Qxb5 axb5 25. Bd5 Ra6 26. Nd4 Bd6 27.
Nxb5+ Kb7 28. Nxd6+ Kb8 29. b3 Rd8 30. Bc4 Ra5 31. Bc1 Nd4 32. Ne4 Rh5 33. h3
Nb5 34. g4 Nc3+ 35. Nxc3 bxc3 36. gxh5 1-0